Sports Quiz

Random Sports Quiz

Johnny Benson winning NASCAR tracks Quiz Stats

 Plays Quiz not verified by Sporcle

Score 0/19 Timer 10:00
0 Plays Today
1994-2008 Track % Correct
Winston CupRockingham
100%
Craftsman Truck SeriesBristol
94.3%
Craftsman Truck SeriesMartinsville
94.3%
Craftsman Truck SeriesMichigan
91.4%
Winston CupCharlotte
88.6%
Craftsman Truck SeriesPhoenix
88.6%
Busch SeriesDover
85.7%
Craftsman Truck SeriesHomestead
85.7%
Craftsman Truck SeriesKentucky
85.7%
Busch SeriesAtlanta
82.9%
1994-2008 Track % Correct
Craftsman Truck SeriesGateway
80%
Craftsman Truck SeriesNashville
77.1%
Craftsman Truck SeriesNashville
77.1%
Craftsman Truck SeriesORP
71.4%
Craftsman Truck SeriesNew Hampshire
65.7%
Craftsman Truck SeriesMilwaukee
60%
Craftsman Truck SeriesMilwaukee
60%
Craftsman Truck SeriesMilwaukee
60%
Busch SeriesHickory
28.6%

You're not logged in!

Compare scores with friends on all Sporcle quizzes.
OR
Log In

Show Comments

Extras

Top Quizzes Today


Score Distribution

Your Account Isn't Verified!

In order to create a playlist on Sporcle, you need to verify the email address you used during registration. Go to your Sporcle Settings to finish the process.

Report this User

Report this user for behavior that violates our Community Guidelines.

Details: